Normal view
MARC view
- AASHNA, M. S
Entry Personal Name
001 - CONTROL NUMBER
- control field: 5319
003 - CONTROL NUMBER IDENTIFIER
- control field: OSt
005 - DATE AND TIME OF LATEST TRANSACTION
- control field: 20221130152641.0
008 - FIXED-LENGTH DATA ELEMENTS
- fixed length control field: 221130|| aca||aabn | a|a d
040 ## - CATALOGING SOURCE
- Original cataloging agency: OSt
- Transcribing agency: OSt
100 ## - HEADING--PERSONAL NAME
- Personal name: AASHNA, M. S
- Personal name: ADITHYA, DEVARAJ
- Personal name: AMANA, C
- Personal name: ASHITHA, THOMAS
670 ## - SOURCE DATA FOUND
- Source citation: Work cat.: (OSt)17590: AASHNA, M. S ADITHYA, DEVARAJ AMANA, C ASHITHA, THOMAS, PERFORMANCE EVALUATION OF TRACTOR OPERATED YARROW BUND MAKER FOR PADDY CULTIVATION, 2022
